Romance Branco / (Record no. 83715)

MARC details
000 -LEADER
campo de control de longitud fija 00409nam a2200157 i 4500
001 - NÚMERO DE CONTROL
campo de control 83715
003 - IDENTIFICADOR DE NÚMERO DE CONTROL
campo de control ES-MaACL
005 - FECHA Y HORA DE LA ÚLTIMA TRANSACCIÓN
campo de control 20230906174859.0
007 - CAMPO FIJO DE DESCRIPCIÓN FÍSICA--INFORMACIÓN GENERAL
campo de control de longitud fija t|
008 - DATOS DE LONGITUD FIJA--INFORMACIÓN GENERAL
campo de control de longitud fija 041118s1927 sp ||||1| por d
100 1# - ENTRADA PRINCIPAL--NOMBRE DE PERSONA
Nombre de persona Jardin Aranha, Aurora.
9 (RLIN) 66118
245 10 - MENCIÓN DEL TÍTULO
Título Romance Branco /
Mención de responsabilidad, etc. Aurora Jardin Aranha.
260 ## - PUBLICACIÓN, DISTRIBUCIÓN, ETC.
Lugar de publicación, distribución, etc. Porto :
Nombre del editor, distribuidor, etc. Civilizaçao,
Fecha de publicación, distribución, etc. 1927.
300 ## - DESCRIPCIÓN FÍSICA
Extensión 230 p. ;
Dimensiones 19 cm.
852 ## - LOCALIZACIÓN
Ubicación ES-MaACL
Número de control de estantería F-3185
Holdings
Estatus retirado Estado de pérdida Estado de daño No para préstamo Biblioteca de origen Biblioteca actual Ubicación en estantería Fecha de adquisición Fuente de adquisición Total de préstamos Signatura topográfica completa Código de barras Visto por última vez Precio de reemplazo Tipo de ítem Koha
        Biblioteca del Ateneo de Madrid Biblioteca del Ateneo de Madrid Depósito 2 17/01/2008     F-3185 1087493 23/02/2023 23/02/2023 Libro impreso